| 000 | 01192nam a22002777a 4500 | ||
|---|---|---|---|
| 003 | OSt | ||
| 005 | 20260209102916.0 | ||
| 007 | a | ||
| 008 | 260209b |||||||| |||| 00| 0 eng d | ||
| 020 | _a9798267998253 | ||
| 040 |
_aFoundation University _beng _cFoundation University _dFULib _erda |
||
| 050 |
_aHF 5415.2 _b.2026 D58 |
||
| 100 |
_aDivakaran, Prakash, _eauthor _914689 |
||
| 245 | 0 | 0 |
_aResearch Methodology : _bbusiness administration / _cProf. Dr. Prakash Divakaran, Vice Chancellor, Himalayan University. |
| 260 |
_aUSA : _b[publisher not identified], _c06 January 2026. |
||
| 264 | _42026. | ||
| 300 |
_3resource _a169 pages _b; _c23 cm. _fvolume |
||
| 336 |
_2rdacontent _atext _btxt |
||
| 337 |
_2rdamedia _aunmediated _bn |
||
| 338 |
_2rdacarrier _3resource _avolume _bnc |
||
| 650 |
_2LC _aMethodology _vResearch _914690 |
||
| 650 |
_aIndustrial management _vResearch methodology. _914691 |
||
| 658 |
_aBusiness Administration, Doctor of : _bAdvanced Research ; _cDBA602 |
||
| 856 |
_uhttps://drive.google.com/file/d/1RMkh5tdM905Tf2CKgPNoDACxEi--4EVH/view?usp=sharing _yClick here to view the table of content |
||
| 942 |
_2lcc _cBK _hHF 5415.2 _i.2026 D58 _k(CBA-DBA) _n0 |
||
| 999 |
_c5546 _d5546 |
||